Моделирование процесса каталитического крекинга вакуумного дистиллята из смеси парафинистой казахстанской и западно-сибирской нефти: автореферат диссертации на соискание ученой степени кандидата технических наук; спец. 05.17.07

Détails bibliographiques
Auteur principal: Бурумбаева Г. Р. Галия Рашидовна
Collectivité auteur: Национальный исследовательский Томский политехнический университет Инженерная школа природных ресурсов Отделение химической инженерии
Autres auteurs: Ивашкина Е. Н. Елена Николаевна (научный руководитель)
Résumé:Заглавие с титульного экрана
Электронная версия печатной публикации
Langue:russe
Publié: Томск, 2021
Sujets:
Accès en ligne:http://earchive.tpu.ru/handle/11683/68883
Format: Électronique Livre
KOHA link:https://koha.lib.tpu.ru/cgi-bin/koha/opac-detail.pl?biblionumber=364178

MARC

LEADER 00000nlm0a2200000 4500
001 364178
005 20231102011649.0
035 |a (RuTPU)RU\TPU\retro\21536 
035 |a RU\TPU\retro\21532 
090 |a 364178 
100 |a 20211029d2021 k y0rusy50 ca 
101 0 |a rus 
102 |a RU 
105 |a a dm 000zy 
135 |a drcn ---uucaa 
181 0 |a i  
182 0 |a b 
200 1 |a Моделирование процесса каталитического крекинга вакуумного дистиллята из смеси парафинистой казахстанской и западно-сибирской нефти  |e автореферат диссертации на соискание ученой степени кандидата технических наук  |e спец. 05.17.07  |f Г. Р. Бурумбаева  |g Национальный исследовательский Томский политехнический университет ; науч. рук. Е. Н. Ивашкина 
203 |a Текст  |c электронный 
210 |a Томск  |d 2021 
215 |a 1 файл (1 179 КБ) 
229 |a Защита состоится 22.12.2021 г. 
230 |a Электронные текстовые данные (1 файл : 1 179 КБ) 
300 |a Заглавие с титульного экрана 
300 |a Электронная версия печатной публикации 
606 1 |a Дистилляты нефтяные  |x Нефтепереработка  |2 stltpush  |3 (RuTPU)RU\TPU\subj\39078  |9 59294 
610 1 |a электронный ресурс 
610 1 |a авторефераты диссертаций 
610 1 |a труды учёных ТПУ 
610 1 |a каталитический крекинг 
610 1 |a вакуумные дистилляты 
610 1 |a смеси 
610 1 |a нефтяное сырье 
610 1 |a нефтяные фракции 
610 1 |a дезактивация 
610 1 |a моделирование процесса 
610 1 |a цеолитсодержащие катализаторы 
610 1 |a кокс 
610 1 |a физико-химические свойства 
610 1 |a промышленные установки 
610 1 |a математические модели 
610 1 |a оптимизация 
610 1 |a вакуумный газойль 
610 1 |a нефти 
675 |a 665.637(04)  |v 4 
686 |a 05.17.07  |2 oksvnk 
700 1 |a Бурумбаева  |b Г. Р.  |g Галия Рашидовна 
702 1 |a Ивашкина  |b Е. Н.  |c химик-технолог  |c профессор Томского политехнического университета, доктор наук  |f 1983-  |g Елена Николаевна  |2 stltpush  |3 (RuTPU)RU\TPU\pers\24965  |4 727 
712 0 2 |a Национальный исследовательский Томский политехнический университет  |b Инженерная школа природных ресурсов  |b Отделение химической инженерии  |h 8085  |2 stltpush  |3 (RuTPU)RU\TPU\col\23513 
801 2 |a RU  |b 63413507  |c 20211112  |g RCR 
856 4 |u http://earchive.tpu.ru/handle/11683/68883 
942 |c CF